Russkaja literatura. : Chrestomatija dlja 8-go klassa srednej školy. /

Uložené v:
Podrobná bibliografia
Ďalší autori: Brodskij, N.L (Compiler)
Médium: Kniha
Jazyk:Russian
Vydané: Moskva : Gosudarstvennoje učebno-pedagogičeskoje izdateľstvo Min. prosveščenija RSFSR, 1948
Vydanie:11. vyd.
Témy:
ISBN: (viaz.)
Fyzický popis: 399 s.
Tagy: Pridať tag
Žiadne tagy, Buďte prvý kto otaguje tento záznam!

MARC

LEADER 00000nam a2200000 a 4500
001 000027866
003 SVKK
005 19990608000000.0
008 970425s1948 ru e ruso
020 |a (viaz.) 
040 |a SVKKK  |b slo  |c SVKKK  |e AACR2 
041 0 |a rus 
044 |a ru  |c RU 
080 |a 882(075.3)  |2 1997 
245 0 0 |a Russkaja literatura. :  |b Chrestomatija dlja 8-go klassa srednej školy. /  |c Zost. N.L. Brodskij 
250 |a 11. vyd. 
260 |a Moskva :  |b Gosudarstvennoje učebno-pedagogičeskoje izdateľstvo Min. prosveščenija RSFSR,  |c 1948 
300 |a 399 s. 
653 0 |a literatúra ruská  |2 SVKKKPH 
653 0 |a učebnice stredných škôl  |2 SVKKKPH 
655 7 |a učebnice  |2 SVKKKPH 
700 1 |a Brodskij, N.L.  |4 com 
910 |a svkkk 
974 |a MI  |d 19970519 
974 |a PA  |d 19970611 
974 |a MI  |d 19990608 
998 |a BK 
090 |g SCKHL  |k Sklad Pribinova prízemie  |a IV.175111  |j 906381  |i 27866-10  |s Prezenčne